000 00275nam a22001337a 4500
020 _a81-86314-26-1
041 _aENG
100 _aSinghal.B.L
245 _aApplied Thermodynamics 3
260 _aDelhi
_bEverest PUb
_c2000
300 _a712
650 _aAPE
856 _uAPE
999 _c351
_d351